| 000 | 00723nam a22002177a 4500 | ||
|---|---|---|---|
| 999 |
_c14947 _d14947 |
||
| 003 | MIRAKIL | ||
| 005 | 20220630124512.0 | ||
| 008 | 220630b tu ||||| |||| 00| 0 tur d | ||
| 020 | _a9786053995807 | ||
| 040 |
_aTR-AnCHP _cTR-AnCHP |
||
| 041 | _atur | ||
| 082 |
_a327 _bU48 2022 |
||
| 245 | 1 | 0 |
_aUluslararası ilişkilerde güvenlik/ _cderleyen: Başar Baysal. |
| 260 |
_aİstanbul : _bİstanbul Bilgi Üniversitesi, _c2022. |
||
| 300 |
_aXVII, 417 s. ; _c24 sm. |
||
| 490 | 0 |
_aİstanbul Bilgi Üniversitesi yayınları ; _aSiyaset bilimi ; _v691. _v71 |
|
| 504 | _aKaynakça ve dizin vardır. | ||
| 650 | 0 |
_95349 _aUluslararası ilişkiler _xGüvenlik |
|
| 700 |
_97140 _aBaysal, Başar _eder. |
||
| 942 |
_2ddc _cBKS |
||